Espèces de grues - Statistiques

Statistiques générales
  • Ce quiz a été pris 7 fois
  • Le résultat moyen est 11 sur 15
Statistiques - réponses
Par images Réponse % Correct
grue couronnée
100%
grue royale
100%
grue à cou blanc
80%
grue à cou noir
80%
grue antigone
80%
grue caronculée
80%
grue demoiselle
80%
grue de paradis
80%
grue de Sibérie
80%
grue du Japon
80%
grue blanche
60%
grue brolga
60%
grue cendrée
60%
grue moine
60%
grue du Canada
40%
Aucun quiz correspondant
Distribution des résultats
% des personnes avec chaque résultat
Percentile par nombre de réponses
Votre historique - résultats
Vous n’avez pas pris ce quiz